Gonzo e a caça ao tesouro (Registo nº 2639)

Detalhes MARC
000 -Etiqueta do registo
Cabeçalho 00889nam a22003011 4500
005 - Identificador da versão
Campo de controlo 20240813121940.0
095 ## -
-- PTBN00338454
010 ## - Número internacional normalizado dos livros (ISBN)
Número (ISBN) 9725740203
021 ## - Número do Depósito Legal
Código do país PT
Número 44129/91
100 ## - Dados gerais de processamento
Dados gerais de processamento 19910714d1991 bc y0pory5003 ba
102 ## - Pais de publicação ou produção
País de publicação Portugal
101 1# - Língua de publicação
Língua do texto, banda sonora, etc. Português
Língua do documento no original Inglês
106 ## - Campo de dados codificados: material textual
Dados codificados do material textual r
105 ## - Campo de dados codificados: livros
Dados codificados dos livros a z 000fy
215 ## - Descrição física 
Indicação específica da natureza do documento e extensão da espécie [32] p.
Outras indicações físicas muito il.
Dimensões 18 cm
200 1# - Titulo e menção de responsabilidade
Título próprio Gonzo e a caça ao tesouro
Primeira menção de responsabilidade Joanne Louise Michaels
Outras menções de responsabilidade il. Tom Cooke
-- trad. Florbela Pereira Lopes
225 2# - Colecção 
Título próprio da colecção Marretinhas
Indicação de volume
210 ## - Publicação, Distribuição, etc. 
Lugar da edição, distribuição, etc. [Queluz]
Nome do editor, distribuidor, etc. Impala
Data da publicação, distribuição, etc. D.L. 1991
606 ## - Nome comum usado como assunto
Número de registo de entrada de autoridade 0000001
Palavra de ordem Literatura estrangeira infantil
Subdivisão de assunto Conto
675 ## - Classificação Decimal Universal (CDU)
Notação 82-34
Edição
Língua da edição por
702 #1 - Nome de autor-pessoa física (responsabilidade secundária)
Número de registo de entrada de autoridade 0001453
Palavra de ordem Cooke
Outra parte do nome não tomada para palavra de ordem Tom
Código de função Ilustrador / Técnico de desenho computorizado
Número de registo de entrada de autoridade 0001454
Palavra de ordem Lopes
Outra parte do nome não tomada para palavra de ordem Florbela Pereira
Código de função Tradutor
700 #1 - Nome de autor-pessoa física (responsabilidade principal)
Número de registo de entrada de autoridade 0001452
Palavra de ordem Michaels
Outra parte do nome não tomada para palavra de ordem Joanne Louise
942 ## - Elementos de entrada adicionados (Koha)
Tipo de item no Koha Livro
Exemplares
Situação do levantamento Origin of item (home branch) (coded) Biblioteca de empréstimo Código de barras Cota Circulation type (not for loan) Tipo de documento Nota do exemplar Damaged status
  Biblioteca Escolar da Coca Maravilhas Biblioteca Escolar da Coca Maravilhas BECM1229/91 8EST MIC   Livro Sem mensagem